Liczby od 0 do 20 słownie! - Statystyki

Ogólne statystyki
  • Ten quiz został rozwiązany 7 402 razy
    6 967 od ostatniego zresetowania
  • Średni wynik to 12 z 21
Statystyki odpowiedzi
liczba symbolem liczba słownie % Poprawnych
0 Zero
100%
1 Jeden
99%
2 Dwa
98%
3 Trzy
98%
4 Cztery
97%
5 Pięć
96%
6 Sześć
93%
7 Siedem
91%
8 Osiem
88%
9 Dziewięć
81%
10 Dziesięć
72%
11 Jedenaście
55%
12 Dwanaście
45%
13 Trzynaście
34%
14 Czternaście
23%
15 Piętnaście
16%
16 Szesnaście
9%
17 Siedemnaście
6%
18 Osiemnaście
4%
19 Dziewiętnaście
2%
20 Dwadzieścia
1%
Nie znaleziono quizów pasujących do podanych kryteriów
Rozkład punktacji
Procent ludzi z każdym wynikiem
Percentyl według liczby udzielonych odpowiedzi
Twoja historia wyników
Nie rozwiązałeś tego quizu od ostatniego zresetowania